[Event "SC Leipzig-Gohlis-SK Landau"]
[Site "Bingen"]
[Date "2008.12.27"]
[Round "1.1"]
[White "Kopp, Nico"]
[Black "Doberitz, Paul"]
[Result "0-1"]
[WhiteElo "1938"]
[BlackElo "2073"]
[PlyCount "48"]
[EventDate "2008.??.??"]

1. e4 c5 2. c3 d5 3. exd5 Qxd5 4. d4 Nc6 5. Nf3 Nf6 6. Na3 Bg4 7. Bc4 Qe4+ 8.
Be3 e6 9. Bd3 Qd5 10. Bc4 Qh5 11. Be2 cxd4 12. Qb3 Bxa3 13. Qxb7 O-O 14. bxa3
Na5 15. Qb4 dxe3 16. h3 Rab8 17. Qd4 exf2+ 18. Kxf2 Bxf3 19. Bxf3 Qf5 20. Kg1
Rfd8 21. Qxa7 Nc4 22. Rf1 Nd2 23. Rf2 Rb1+ 24. Kh2 Qf4+ 0-1

[Event "SC Leipzig-Gohlis-SK Landau"]
[Site "Bingen"]
[Date "2008.12.27"]
[Round "1.2"]
[White "Meißner, Felix"]
[Black "Karpa, Adrian"]
[Result "1-0"]
[WhiteElo "2077"]
[BlackElo "1627"]
[PlyCount "87"]
[EventDate "2008.??.??"]

1. e4 c5 2. Nf3 d6 3. d4 cxd4 4. Nxd4 Nf6 5. Nc3 a6 6. Bg5 e6 7. f4 Be7 8. Qf3
Qc7 9. O-O-O Nbd7 10. g4 b5 11. Bxf6 Nxf6 12. g5 Nd7 13. h4 Bb7 14. f5 e5 15.
Nb3 h6 16. Rg1 hxg5 17. hxg5 O-O-O 18. g6 Nf6 19. gxf7 b4 20. Nd5 Nxd5 21. exd5
Bf6 22. Rg4 Qb6 23. Qe4 Rdf8 24. Qc4+ Kd7 25. Qxb4 Bg5+ 26. Kb1 Qxb4 27. Rxb4
Bc8 28. Rg4 Bf6 29. Ra4 Ke7 30. Bd3 Kxf7 31. Rf1 Rh5 32. Nd2 Rfh8 33. a3 Rh4
34. Ne4 Be7 35. Rc4 Bb7 36. f6 gxf6 37. Rc7 Bxd5 38. Nxf6 Bg2 39. Rf2 Rf4 40.
Rxg2 Rxf6 41. Bc4+ Ke8 42. Rg7 Bd8 43. Rb7 a5 44. Bb5+ 1-0

[Event "SC Leipzig-Gohlis-SK Landau"]
[Site "Bingen"]
[Date "2008.12.27"]
[Round "1.3"]
[White "Louis, Malte"]
[Black "Pantusenko, Valeria"]
[Result "1-0"]
[WhiteElo "1549"]
[BlackElo "1642"]
[PlyCount "91"]
[EventDate "2008.??.??"]

1. e4 e5 2. Bc4 Nf6 3. d3 Nc6 4. f4 Bc5 5. Nc3 exf4 6. Bxf4 d6 7. Qd2 Ng4 8.
Nh3 Nce5 9. Bb3 h6 10. d4 Qh4+ 11. Bg3 Qxh3 12. dxe5 Qh5 13. exd6 cxd6 14. Bxd6
Bf2+ 15. Kf1 Bd7 16. Nd5 Rc8 17. Qa5 Bf5 18. Ba4+ Rc6 19. Bxc6+ bxc6 20. Nc7+
Kd7 21. Qxf5+ Qxf5 22. exf5 Kxd6 23. h3 Kxc7 24. hxg4 Bd4 25. c3 Bf6 26. Kf2
Rb8 27. Rab1 Rd8 28. Rhd1 Rd6 29. Rxd6 Kxd6 30. Rd1+ Kc7 31. Ke3 Be7 32. Ke4
Bd6 33. a3 f6 34. b4 Be5 35. c4 a6 36. a4 Bc3 37. b5 a5 38. c5 Bb4 39. b6+ Kc8
40. Rd6 Kb7 41. Kd4 Ba3 42. Rd7+ Kb8 43. Rxg7 Bb2+ 44. Kc4 Be5 45. Rh7 Bf4 46.
g3 1-0

[Event "SC Leipzig-Gohlis-SK Landau"]
[Site "Bingen"]
[Date "2008.12.27"]
[Round "1.4"]
[White "Ohme, Markus"]
[Black "Schmidt, Justus"]
[Result "1/2-1/2"]
[WhiteElo "1366"]
[BlackElo "1424"]
[PlyCount "110"]
[EventDate "2008.??.??"]

1. e4 c5 2. Nf3 e6 3. d4 cxd4 4. Nxd4 a6 5. Nc3 Qc7 6. Be3 Nc6 7. Nb3 Nf6 8. a3
d6 9. Be2 Be7 10. O-O O-O 11. a4 Ne5 12. Nd2 Ned7 13. Nc4 Nc5 14. f3 Rb8 15. a5
Qc6 16. Bf4 e5 17. Be3 Be6 18. Kh1 Ncxe4 19. Nxe5 dxe5 20. fxe4 Nxe4 21. Nxe4
Qxe4 22. Bb6 Qb4 23. Qb1 Bd8 24. c3 Qh4 25. Bf2 Qh6 26. Bg3 f6 27. Bd3 Be7 28.
Ra4 g6 29. Rh4 Qe3 30. Bxg6 h6 31. Bh7+ Kh8 32. Qg6 Qg5 33. Rxh6 Qxg6 34. Bxg6+
Kg7 35. Rh7+ Kxg6 36. Rxe7 Rfe8 37. Rxe8 Rxe8 38. Re1 Rd8 39. Kg1 Rd2 40. Rb1
Bd5 41. Bf2 Ba2 42. Rc1 Rxb2 43. Rd1 Rb1 44. Rxb1 Bxb1 45. Kf1 Bd3+ 46. Ke1 e4
47. Kd2 f5 48. Be3 Kh5 49. Bf4 Kh4 50. Be5 Kg4 51. Ke3 Bf1 52. Kf2 Bd3 53. h3+
Kg5 54. Kg3 Be2 55. Bf4+ Kg6 1/2-1/2

[Event "SC Postbauer-Heng-SK Gräfeling"]
[Site "Bingen"]
[Date "2008.12.27"]
[Round "1.1"]
[White "Lüßmann, Thomas"]
[Black "Kordts, Florian"]
[Result "1/2-1/2"]
[WhiteElo "1765"]
[BlackElo "1812"]
[PlyCount "31"]
[EventDate "2008.??.??"]

1. d4 Nf6 2. c4 c5 3. d5 b5 4. cxb5 a6 5. e3 g6 6. Nc3 d6 7. Nf3 Bg7 8. Be2 O-O
9. O-O Bb7 10. e4 axb5 11. Bxb5 Na6 12. Re1 Qb6 13. Qe2 Nc7 14. Bc4 Rfb8 15.
Qd2 Qb4 16. Bd3 {(=)} 1/2-1/2

[Event "SC Postbauer-Heng-SK Gräfeling"]
[Site "Bingen"]
[Date "2008.12.27"]
[Round "1.2"]
[White "Grimm, Pascal"]
[Black "Bollmann, Laslo"]
[Result "0-1"]
[WhiteElo "1878"]
[BlackElo "1626"]
[PlyCount "50"]
[EventDate "2008.??.??"]

1. c4 Nf6 2. Nc3 d5 3. cxd5 Nxd5 4. g3 g6 5. Bg2 Nxc3 6. bxc3 Bg7 7. Nf3 O-O 8.
O-O c6 9. d4 Nd7 10. e4 e5 11. Re1 Qa5 12. Bd2 Qc7 13. Be3 Rd8 14. Qc2 b6 15.
c4 exd4 16. Nxd4 Nc5 17. Rad1 Ne6 18. Nxc6 Rxd1 19. Rxd1 Bb7 20. Nd4 Nxd4 21.
Bxd4 Rc8 22. Be3 h6 23. Bh3 f5 24. exf5 Qc6 25. Rd5 Qxd5 0-1

[Event "SC Postbauer-Heng-SK Gräfeling"]
[Site "Bingen"]
[Date "2008.12.27"]
[Round "1.3"]
[White "Barth, Stefan"]
[Black "Riexinger, Martin"]
[Result "1/2-1/2"]
[WhiteElo "1532"]
[BlackElo "1792"]
[PlyCount "61"]
[EventDate "2008.??.??"]

1. d4 Nf6 2. c4 g6 3. Nc3 Bg7 4. e4 d6 5. Be3 c6 6. f3 Na6 7. Bd3 O-O 8. Nge2
b6 9. O-O c5 10. Qd2 Bd7 11. Bh6 Qc8 12. Bxg7 Kxg7 13. d5 Nc7 14. f4 a6 15. b3
b5 16. Ng3 Qb7 17. e5 Nfe8 18. exd6 exd6 19. f5 Nf6 20. fxg6 fxg6 21. Qg5 Nce8
22. Nce4 Bg4 23. h3 h6 24. Qe3 Bc8 25. Nxf6 Nxf6 26. Ne4 Qe7 27. Rae1 Ra7 28.
Nxf6 Qxe3+ 29. Rxe3 Rxf6 30. Ref3 Rxf3 31. Rxf3 {Rest nicht nachvollziehbar}
1/2-1/2

[Event "SC Postbauer-Heng-SK Gräfeling"]
[Site "Bingen"]
[Date "2008.12.27"]
[Round "1.4"]
[White "Riexinger, Andreas"]
[Black "Bothe, Thomas"]
[Result "1-0"]
[WhiteElo "1725"]
[BlackElo "1306"]
[PlyCount "113"]
[EventDate "2008.??.??"]

1. d4 d5 2. c4 e6 3. Nc3 Nf6 4. Nf3 Be7 5. Bf4 O-O 6. e3 Nbd7 7. a3 c6 8. cxd5
exd5 9. Bd3 Nh5 10. Bg3 h6 11. Be5 Re8 12. Qc2 Nhf6 13. O-O Nf8 14. Rac1 Bd6
15. Na4 Bg4 16. Bxd6 Qxd6 17. Ne5 Rab8 18. Nc5 N8d7 19. Nxf7 Kxf7 20. Bg6+ Kf8
21. Bxe8 Kxe8 22. f3 Bh5 23. Qf5 Nxc5 24. dxc5 Qe7 25. e4 Bf7 26. exd5 g6 27.
Qf4 Qd8 28. Rfe1+ Kd7 29. Qd6+ Kc8 30. dxc6 Qxd6 31. cxb7+ Rxb7 32. cxd6+ Kd8
33. Rc7 Bd5 34. Rxb7 Bxb7 35. Re6 Ne8 36. Rxg6 Kd7 37. Rxh6 Nxd6 38. g4 Bxf3
39. g5 Be4 40. h4 Ke7 41. g6 Nf5 42. Rh7+ Kf6 43. h5 Ng7 44. h6 Kxg6 45. Rxg7+
Kxh6 46. Rxa7 Kg5 47. b4 Kf5 48. b5 Ke5 49. b6 Kd6 50. Rc7 Bc6 51. Kf2 Bb5 52.
Ke3 Bc6 53. Kd4 Bb5 54. Kc3 Bf1 55. Kb4 Be2 56. Ka5 Bf1 57. Rc2 1-0

[Event "SF Brackel 1930-Kieler SG Meerbauer"]
[Site "Bingen"]
[Date "2008.12.27"]
[Round "1.1"]
[White "Höger, Bastian"]
[Black "Zelbel, Patrick"]
[Result "0-1"]
[WhiteElo "1763"]
[BlackElo "2283"]
[PlyCount "76"]
[EventDate "2008.??.??"]

1. e4 c5 2. Nc3 d6 3. g3 Nc6 4. Bg2 g6 5. d3 Bg7 6. Be3 Rb8 7. Qd2 b5 8. Nge2
Nd4 9. Nd1 Nxe2 10. Qxe2 Nf6 11. h3 O-O 12. O-O Qc7 13. f4 b4 14. g4 a5 15. f5
a4 16. Rb1 b3 17. axb3 axb3 18. c3 Ba6 19. Qd2 Nd7 20. Nf2 Rfe8 21. g5 e6 22.
f6 Bf8 23. Bf3 d5 24. Bf4 Bd6 25. Bxd6 Qxd6 26. Ng4 Qg3+ 27. Qg2 Qxg2+ 28. Bxg2
Bxd3 29. exd5 Bxf1 30. Rxf1 exd5 31. Bxd5 Ne5 32. Nh6+ Kf8 33. Ra1 Rbd8 34. c4
Rd7 35. Ra5 Rb8 36. Rxc5 Nd3 37. Ra5 Nxb2 38. Nxf7 Rxf7 0-1

[Event "SF Brackel 1930-Kieler SG Meerbauer"]
[Site "Bingen"]
[Date "2008.12.27"]
[Round "1.2"]
[White "Kartsev, Alexandr"]
[Black "Höger, Phillipp"]
[Result "1-0"]
[WhiteElo "2033"]
[BlackElo "1743"]
[PlyCount "79"]
[EventDate "2008.??.??"]

1. e4 c5 2. c3 Nf6 3. e5 Nd5 4. d4 cxd4 5. Qxd4 e6 6. Nf3 Nc6 7. Qe4 d6 8. Bb5
Bd7 9. c4 Nc7 10. Bg5 Qc8 11. exd6 Bxd6 12. O-O f6 13. Be3 O-O 14. Rd1 Be7 15.
Nbd2 Rd8 16. Nf1 Be8 17. Ba4 Bg6 18. Qg4 f5 19. Qg3 Bf6 20. Rxd8+ Qxd8 21. Rd1
Qe7 22. Bxc6 bxc6 23. Bf4 Na6 24. Bd6 Qb7 25. b3 Rd8 26. Ne5 Bh5 27. Rd2 h6 28.
c5 Bg5 29. f4 Bf6 30. Qe3 Nb4 31. a3 Nd5 32. Qg3 Nxf4 33. Qxf4 Bg5 34. Qc4 Bxd2
35. Qxe6+ Kh8 36. Nxd2 Qa6 37. Ndc4 Qb7 38. Qxf5 Qxb3 39. Qxh5 Qd1+ 40. Qxd1
1-0

[Event "SF Brackel 1930-Kieler SG Meerbauer"]
[Site "Bingen"]
[Date "2008.12.27"]
[Round "1.3"]
[White "Gogol, Max"]
[Black "Strathoff, Jens"]
[Result "0-1"]
[WhiteElo "1643"]
[BlackElo "1993"]
[PlyCount "68"]
[EventDate "2008.??.??"]

1. Nf3 d5 2. g3 Nf6 3. Bg2 e6 4. d3 Be7 5. O-O O-O 6. Nbd2 c5 7. e4 Nc6 8. a3
Qc7 9. Qe2 e5 10. exd5 Nxd5 11. Nc4 Bf6 12. Ne3 Nde7 13. Rd1 Be6 14. c3 Rad8
15. Nd2 Ng6 16. Ne4 Be7 17. Qh5 f5 18. Ng5 Bxg5 19. Qxg5 f4 20. Be4 fxe3 21.
Bxe3 Nce7 22. h4 Bf5 23. Bxf5 Nxf5 24. Qg4 Nxe3 25. fxe3 Qd7 26. Qe2 Qh3 27.
Qg2 Qxg2+ 28. Kxg2 Ne7 29. Rd2 Rf6 30. Rad1 Nf5 31. Kh3 Rfd6 32. e4 Ne3 33. Re1
Rxd3 34. Rxe3 Rxd2 0-1

[Event "SF Brackel 1930-Kieler SG Meerbauer"]
[Site "Bingen"]
[Date "2008.12.27"]
[Round "1.4"]
[White "Haidar, Marcel"]
[Black "Dittmann, Jan"]
[Result "1/2-1/2"]
[WhiteElo "1759"]
[BlackElo "1717"]
[PlyCount "86"]
[EventDate "2008.??.??"]

1. e4 c5 2. c3 Nf6 3. e5 Nd5 4. d4 cxd4 5. Nf3 e6 6. cxd4 d6 7. Nc3 Nb6 8. Bd3
Nc6 9. Bg5 Be7 10. Bxe7 Qxe7 11. O-O O-O 12. Rc1 Rd8 13. Qe2 dxe5 14. dxe5 Nb4
15. Bb1 Bd7 16. Ne4 Bc6 17. Nfg5 h6 18. Nf3 N4d5 19. g3 Nd7 20. Nd6 Nxe5 21.
Nxe5 Qxd6 22. Nxc6 bxc6 23. Qc2 Nf6 24. Qxc6 Qxc6 25. Rxc6 Rac8 26. Rxc8 Rxc8
27. Rd1 g6 28. Kg2 Kf8 29. Rd2 Ke7 30. Bc2 Nd5 31. Bb3 Rc5 32. Rd4 a5 33. Rh4
h5 34. Rd4 Nf6 35. h3 Nd7 36. f4 f6 37. Re4 Nf8 38. g4 hxg4 39. hxg4 f5 40.
gxf5 gxf5 41. Re3 Kf7 42. Rh3 Kg7 43. Rg3+ Kf7 1/2-1/2

[Event "SG Aufbau Elbe Magdeburg-SV 1920 Hofhei"]
[Site "Bingen"]
[Date "2008.12.27"]
[Round "1.1"]
[White "Geske, Julian"]
[Black "Schiffner, Kevin"]
[Result "1-0"]
[WhiteElo "2177"]
[BlackElo "1938"]
[PlyCount "75"]
[EventDate "2008.??.??"]

1. e4 c5 2. Nf3 Nc6 3. d4 cxd4 4. Nxd4 e6 5. Nc3 Qc7 6. g3 a6 7. Bg2 Nf6 8. O-O
d6 9. Re1 Be7 10. Nxc6 bxc6 11. e5 dxe5 12. Rxe5 O-O 13. Bf4 Qd7 14. Na4 Qxd1+
15. Rxd1 Nd5 16. Bd2 Bf6 17. Ree1 Rb8 18. b3 Be7 19. Re2 Bb7 20. Ba5 Rfc8 21.
c4 Nf6 22. Red2 h6 23. Nb6 Re8 24. Nd7 Nxd7 25. Rxd7 Ba8 26. Ra7 c5 27. Rdd7
Bxg2 28. Kxg2 Bf8 29. Rxf7 Ra8 30. Kf3 Kh7 31. Ke4 Kg6 32. f4 Kh5 33. h3 g5 34.
fxg5 hxg5 35. Rad7 Kg6 36. Bc3 Bh6 37. Rf6+ Kh5 38. Rh7 1-0

[Event "SG Aufbau Elbe Magdeburg-SV 1920 Hofhei"]
[Site "Bingen"]
[Date "2008.12.27"]
[Round "1.2"]
[White "Rafayevych, Vilen"]
[Black "Hartmann, Nicolas"]
[Result "0-1"]
[WhiteElo "1992"]
[BlackElo "1895"]
[PlyCount "66"]
[EventDate "2008.??.??"]

1. d4 d5 2. c4 e6 3. Nc3 c5 4. cxd5 exd5 5. Nf3 Nc6 6. g3 Nf6 7. Bg2 Be7 8. O-O
O-O 9. Bg5 cxd4 10. Nxd4 h6 11. Bf4 Bg4 12. h3 Be6 13. Rc1 Qd7 14. Kh2 Rad8 15.
Na4 Ne4 16. Nxc6 bxc6 17. Qc2 Rc8 18. Bxe4 dxe4 19. Qxe4 Bxh3 20. Rfd1 Qe6 21.
Nc3 Rfd8 22. Qa4 Bf5 23. Qxa7 c5 24. Qb7 Bf6 25. e4 Bg4 26. Rxd8+ Rxd8 27. Nd5
Bd4 28. Be3 Qe5 29. Qe7 Rxd5 30. Qxe5 Rxe5 31. Bxd4 cxd4 32. Kg2 Rxe4 33. a4 d3
0-1

[Event "SG Aufbau Elbe Magdeburg-SV 1920 Hofhei"]
[Site "Bingen"]
[Date "2008.12.27"]
[Round "1.3"]
[White "Ackermann, Johannes"]
[Black "Schiffner, Alexander"]
[Result "1/2-1/2"]
[WhiteElo "1865"]
[BlackElo "1689"]
[PlyCount "47"]
[EventDate "2008.??.??"]

1. e4 c5 2. Nf3 Nc6 3. Nc3 e6 4. d4 cxd4 5. Nxd4 Nf6 6. Be2 Bb4 7. O-O Bxc3 8.
bxc3 Nxe4 9. Bd3 Nf6 10. Nb5 d5 11. Ba3 Qa5 12. Qc1 Ne5 13. Qf4 a6 14. Bb4 Nxd3
15. Nc7+ Qxc7 16. Qxc7 Nxb4 17. cxb4 O-O 18. c4 dxc4 19. Qxc4 b5 20. Qd4 Bb7
21. Rfd1 Bd5 22. a4 Bb3 23. Rdc1 bxa4 24. Rc5 {Rest nicht nachvollziehbar}
1/2-1/2

[Event "SG Aufbau Elbe Magdeburg-SV 1920 Hofhei"]
[Site "Bingen"]
[Date "2008.12.27"]
[Round "1.4"]
[White "Tarouchkin, Alexander"]
[Black "Langbein, Till"]
[Result "0-1"]
[WhiteElo "1180"]
[BlackElo "1536"]
[PlyCount "58"]
[EventDate "2008.??.??"]

1. c4 e5 2. Nc3 Nf6 3. e4 Bc5 4. g3 Nc6 5. Bg2 d6 6. Nge2 O-O 7. O-O Bg4 8. d3
Qd7 9. Kh1 Nh5 10. f3 Be6 11. Ng1 f5 12. f4 Nf6 13. Bh3 fxe4 14. Bxe6+ Qxe6 15.
f5 Qf7 16. Nh3 exd3 17. Qxd3 Qh5 18. Ng5 Ng4 19. Qd5+ Kh8 20. Qg2 Nd4 21. Nce4
h6 22. Nxc5 dxc5 23. Ne4 Rxf5 24. Rxf5 Qxf5 25. h3 Nf6 26. Nxc5 Nc2 27. Rb1 Ne1
28. Qxb7 Qf1+ 29. Kh2 Nf3+ 0-1

[Event "SG Bochum 31-Schachfreunde Deizisau"]
[Site "Bingen"]
[Date "2008.12.27"]
[Round "1.1"]
[White "Zhou, Syang"]
[Black "Hohmann, Louisa"]
[Result "1-0"]
[WhiteElo "2083"]
[BlackElo "1739"]
[PlyCount "85"]
[EventDate "2008.??.??"]

1. e4 e5 2. Nf3 Nf6 3. Nc3 Nc6 4. Bb5 Bb4 5. O-O d6 6. d4 exd4 7. Nd5 Bc5 8.
Nxd4 Bd7 9. Nf5 Bxf5 10. exf5 Nxd5 11. Qxd5 O-O 12. Bxc6 bxc6 13. Qxc6 Qf6 14.
Be3 Bxe3 15. fxe3 Qxb2 16. Qxc7 Rac8 17. Qxd6 Rxc2 18. Qg3 Qf6 19. a4 Rfc8 20.
Rad1 R2c4 21. Rd6 Qh4 22. Rfd1 h6 23. Qxh4 Rxh4 24. Rd8+ Rxd8 25. Rxd8+ Kh7 26.
Rd4 Rh5 27. g4 Rh3 28. Re4 h5 29. g5 Rf3 30. Re5 f6 31. gxf6 gxf6 32. Kg2 fxe5
33. Kxf3 Kg7 34. e4 Kf6 35. h4 Ke7 36. Ke3 Kd6 37. Kd2 Kc6 38. Kc3 Kc5 39. Kd3
a6 40. Kc3 a5 41. Kd3 Kb4 42. f6 Kxa4 43. f7 1-0

[Event "SG Bochum 31-Schachfreunde Deizisau"]
[Site "Bingen"]
[Date "2008.12.27"]
[Round "1.2"]
[White "Butschek, Marc"]
[Black "Früchel, Marcel"]
[Result "0-1"]
[WhiteElo "1775"]
[BlackElo "1832"]
[PlyCount "70"]
[EventDate "2008.??.??"]

1. e4 e6 2. d4 d5 3. exd5 exd5 4. Nf3 Bd6 5. c4 dxc4 6. Bxc4 Nf6 7. O-O O-O 8.
Bg5 h6 9. Bh4 a6 10. a4 Nc6 11. h3 Bf5 12. Nc3 Nb4 13. a5 g5 14. Bg3 Bxg3 15.
fxg3 Nc2 16. Rc1 Ne3 17. Qb3 Nxf1 18. Rxf1 Bg6 19. Kh2 Qd6 20. Ne5 Kg7 21. Nd5
Nxd5 22. Bxd5 f6 23. Nf3 Rad8 24. Bc4 Bf7 25. Bxf7 Rxf7 26. Qxb7 c5 27. Qe4
cxd4 28. Rd1 d3 29. h4 Re7 30. Qf5 Qd5 31. Qg4 h5 32. Qxh5 Rh8 33. Qg4 Re4 34.
Rxd3 Qxd3 35. Qf5 Rexh4+ 0-1

[Event "SG Bochum 31-Schachfreunde Deizisau"]
[Site "Bingen"]
[Date "2008.12.27"]
[Round "1.3"]
[White "Rempeli, Alex"]
[Black "Orhan, Eda"]
[Result "1-0"]
[WhiteElo "1713"]
[BlackElo "1603"]
[PlyCount "43"]
[EventDate "2008.??.??"]

1. d4 d5 2. c4 e6 3. Nc3 Nf6 4. e3 c6 5. Nf3 Nbd7 6. Qc2 Be7 7. g4 O-O 8. Bd2
a6 9. g5 Ne4 10. Nxe4 dxe4 11. Qxe4 Bxg5 12. Nxg5 Qxg5 13. Qc2 b5 14. O-O-O Bb7
15. Bd3 f5 16. Rhg1 Qf6 17. c5 a5 18. e4 e5 19. Bg5 Qf7 20. Bh6 g6 21. exf5
Rfe8 22. fxg6 1-0

[Event "SG Bochum 31-Schachfreunde Deizisau"]
[Site "Bingen"]
[Date "2008.12.27"]
[Round "1.4"]
[White "Budszuhn, Timo"]
[Black "Winkler, Tim"]
[Result "1/2-1/2"]
[WhiteElo "1470"]
[BlackElo "1543"]
[PlyCount "113"]
[EventDate "2008.??.??"]

1. e4 e5 2. Nf3 Nc6 3. d4 exd4 4. Nxd4 Nxd4 5. Qxd4 d6 6. Bc4 Qf6 7. Be3 Qxd4
8. Bxd4 Be6 9. Bb3 Ne7 10. O-O Nc6 11. Bc3 Bxb3 12. axb3 f6 13. Na3 a6 14. Nc4
Be7 15. Ne3 O-O 16. Nd5 Bd8 17. Rfe1 Ne7 18. Nf4 c6 19. Rad1 Nc8 20. Bb4 Re8
21. g3 Bc7 22. Ba3 b5 23. Bb4 a5 24. Bd2 Nb6 25. f3 d5 26. exd5 Bxf4 27. Bxf4
Nxd5 28. Bd2 Rxe1+ 29. Rxe1 Kf7 30. Ra1 a4 31. bxa4 Rxa4 32. Rxa4 bxa4 33. Kf2
Ke6 34. Ke2 Nb6 35. Be3 Nc4 36. Bd4 Kd5 37. Bc3 c5 38. Kd3 a3 39. bxa3 Nxa3 40.
h4 c4+ 41. Ke3 Nxc2+ 42. Kd2 Nd4 43. Ke3 Nb5 44. Bb4 g6 45. Be7 Ke5 46. Bb4 h5
47. Be7 Kf5 48. Bb4 g5 49. hxg5 fxg5 50. Be7 c3 51. Kd3 g4 52. fxg4+ Kxg4 53.
Bh4 Kf3 54. Kc2 Ke4 55. Bf6 Kd5 56. Kd3 Nd6 57. Bxc3 1/2-1/2

[Event "SV Jedesheim-Koenigsspr. SC von 1984"]
[Site "Bingen"]
[Date "2008.12.27"]
[Round "1.1"]
[White "Borgmeyer, Max"]
[Black "von Schwerin, Clemens"]
[Result "1/2-1/2"]
[WhiteElo "2031"]
[BlackElo "1774"]
[PlyCount "80"]
[EventDate "2008.??.??"]

1. e4 c6 2. d4 d5 3. exd5 cxd5 4. Bd3 Nc6 5. c3 Qc7 6. Ne2 e5 7. dxe5 Nxe5 8.
Bf4 Bd6 9. O-O Nf6 10. Bxe5 Bxe5 11. Ng3 O-O 12. Na3 a6 13. Nc2 Ne4 14. Ne3 Be6
15. Nxe4 dxe4 16. Bxe4 Bxh2+ 17. Kh1 Qf4 18. Bxh7+ Kxh7 19. Qh5+ Kg8 20. Qxh2
Qf6 21. Kg1 Rad8 22. Rfd1 Rxd1+ 23. Rxd1 Bxa2 24. Qc7 b5 25. Rd6 Qe5 26. Qb6
Qe4 27. Rd1 Qe6 28. Qxe6 Bxe6 {(=)} 29. Ra1 Ra8 30. Nc2 Bd5 31. f3 g6 32. Kf2
Kg7 33. Ke3 Bb7 34. Kd4 Re8 35. Re1 Rd8+ 36. Kc5 Rd2 37. Nd4 Rxb2 38. Kb6 Bd5
39. Kxa6 {(=)} 39... Bc4 40. Ka5 Ra2+ {(=)} 1/2-1/2

[Event "SV Jedesheim-Koenigsspr. SC von 1984"]
[Site "Bingen"]
[Date "2008.12.27"]
[Round "1.3"]
[White "Streich, Justus"]
[Black "Goda, Robert-Rene"]
[Result "1-0"]
[WhiteElo "1725"]
[BlackElo "1580"]
[PlyCount "147"]
[EventDate "2008.??.??"]

1. e4 g6 2. d4 Bg7 3. Nf3 d6 4. Be3 Nf6 5. Bd3 O-O 6. Nc3 Nbd7 7. Qd2 c6 8. O-O
Qc7 9. Nh4 e5 10. d5 Ng4 11. f3 Nxe3 12. Qxe3 Nc5 13. Bc4 Kh8 14. b4 Nd7 15.
dxc6 bxc6 16. Rfd1 Nb6 17. Bb3 a6 18. Rd3 Bb7 19. Rad1 Rad8 20. g3 Nc8 21. a4
f5 22. b5 f4 23. Qf2 axb5 24. axb5 Rf6 25. bxc6 Bxc6 26. Bd5 Ne7 27. g4 Nxd5
28. Nxd5 Bxd5 29. Rxd5 Rf7 30. Ng2 Bf6 31. Qd2 Qb6+ 32. Kh1 Rb7 33. h3 Be7 34.
Ne1 Rc8 35. Nd3 Rc4 36. Ra5 Kg7 37. Rda1 Rbc7 38. R5a2 Qd4 39. Rd1 Ra4 40. Rxa4
Qxa4 41. Nb4 Qa3 42. Kg2 Qb2 43. Rc1 Bf8 44. Nd5 Rb7 45. Rd1 Rb5 46. c3 Qa3 47.
Nc7 Rb2 48. Nd5 Rxd2+ 49. Rxd2 Kf7 50. Kf2 Qc5+ 51. Ke2 Be7 52. Rb2 Qc4+ 53.
Kd2 Qa6 54. Rb6 Qa7 55. Rc6 Qf2+ 56. Kc1 Qxf3 57. Rc7 Qxe4 58. Nxe7 Qe3+ 59.
Kc2 Qb6 60. Nd5+ Qxc7 61. Nxc7 Kf6 62. Kd3 Kg5 63. Ke4 Kh4 64. Kf3 Kxh3 65. c4
e4+ 66. Kxf4 h6 67. Ne8 g5+ 68. Kxe4 Kxg4 69. Nxd6 h5 70. c5 h4 71. c6 h3 72.
c7 h2 73. c8=Q+ Kg3 74. Nf5+ 1-0

[Event "SV Jedesheim-Koenigsspr. SC von 1984"]
[Site "Bingen"]
[Date "2008.12.27"]
[Round "1.4"]
[White "Kraus, Johannes"]
[Black "Steinfeldt, Henry"]
[Result "1-0"]
[WhiteElo "1475"]
[BlackElo "1585"]
[PlyCount "53"]
[EventDate "2008.??.??"]

1. e4 e5 2. d4 exd4 3. c3 dxc3 4. Bc4 d6 5. Qb3 Qe7 6. Nxc3 c6 7. Be3 b5 8.
Nxb5 Be6 9. Nxd6+ Qxd6 10. Bxe6 fxe6 11. a3 c5 12. Nf3 Be7 13. Rd1 Qb6 14. Qc3
Nf6 15. b4 Nbd7 16. Qc4 Ng4 17. O-O Nxe3 18. fxe3 cxb4 19. Nd4 Nf6 20. Nxe6
Qxe3+ 21. Kh1 Qc3 22. Nc7+ Kf8 23. Qxc3 bxc3 24. Nxa8 Kg8 25. Rc1 Bxa3 26. Rxc3
Bf8 27. Rc8 1-0

[Event "Schachgemeinschaft Porz-Schachklub Nord"]
[Site "Bingen"]
[Date "2008.12.27"]
[Round "1.1"]
[White "Schulz, Jens"]
[Black "Kremser, Michael"]
[Result "1-0"]
[WhiteElo "2019"]
[BlackElo "1818"]
[PlyCount "53"]
[EventDate "2008.??.??"]

1. e4 c5 2. Nf3 d6 3. d4 cxd4 4. Nxd4 Nf6 5. Nc3 a6 6. Be3 e6 7. f3 Be7 8. Qd2
O-O 9. O-O-O b5 10. g4 Bb7 11. h4 b4 12. Nce2 a5 13. h5 Nbd7 14. g5 Nxe4 15.
fxe4 Bxe4 16. Rh4 Bd5 17. Kb1 h6 18. Rh2 hxg5 19. Bg2 Bxg2 20. Rxg2 Ne5 21.
Bxg5 Nc4 22. Qc1 Ra6 23. Rdg1 Bf6 24. Bh6 Qb6 25. Bxg7 Na3+ 26. bxa3 bxa3+ 27.
Nb3 1-0

[Event "Schachgemeinschaft Porz-Schachklub Nord"]
[Site "Bingen"]
[Date "2008.12.27"]
[Round "1.2"]
[White "Finke, Kai"]
[Black "Bor, Tobias"]
[Result "0-1"]
[WhiteElo "1593"]
[BlackElo "1790"]
[PlyCount "56"]
[EventDate "2008.??.??"]

1. c4 Nf6 2. Nc3 e6 3. e4 d6 4. d4 Be7 5. f3 Bd7 6. Be3 c5 7. dxc5 dxc5 8. e5
Ng8 9. Ne4 Qa5+ 10. Kf2 Qb6 11. Qd2 Na6 12. Ne2 Rd8 13. Qc2 Nb4 14. Qb3 Bc6 15.
N2g3 h5 16. h4 Nh6 17. Bg5 Bxe4 18. Nxe4 Nf5 19. Be2 Nc6 20. Qxb6 axb6 21. f4
Rd4 22. Ng3 Nxg3 23. Kxg3 f6 24. b3 fxg5 25. hxg5 h4+ 26. Kf3 Nxe5+ 27. fxe5
O-O+ 28. Ke3 Bxg5# 0-1

[Event "Schachgemeinschaft Porz-Schachklub Nord"]
[Site "Bingen"]
[Date "2008.12.27"]
[Round "1.3"]
[White "Hurink, Maarten"]
[Black "Krause, Johann"]
[Result "1-0"]
[WhiteElo "1790"]
[BlackElo "1463"]
[PlyCount "60"]
[EventDate "2008.??.??"]

1. d4 c6 2. Nf3 Nf6 3. c4 d5 4. Bf4 Bf5 5. e3 e6 6. Nc3 Bd6 7. Bxd6 Qxd6 8.
cxd5 Nxd5 9. Nxd5 Qxd5 10. Be2 Nd7 11. O-O Be4 12. a3 h5 13. Rc1 h4 14. h3 g5
15. Ne1 Bh7 16. Bc4 Qa5 17. Nf3 Rg8 18. Qb3 Qc7 19. Nh2 Nf6 20. Rfd1 Be4 21.
Rd2 g4 22. Nxg4 Nxg4 23. hxg4 Rxg4 24. f4 Ke7 25. d5 cxd5 26. Qb4+ Kf6 27. Qc3+
Kf5 28. Bd3 Qxc3 29. Bxe4+ Kxe4 30. Rxc3 Rag8 {weiter nicht nachvollziehbar}
1-0

[Event "Schachgemeinschaft Porz-Schachklub Nord"]
[Site "Bingen"]
[Date "2008.12.27"]
[Round "1.4"]
[White "Schell, Samuel"]
[Black "Kleinschmidt, Annika"]
[Result "1-0"]
[WhiteElo "1301"]
[BlackElo "1553"]
[PlyCount "59"]
[EventDate "2008.??.??"]

1. e4 c5 2. Nc3 Nc6 3. f4 g6 4. Nf3 Bg7 5. d3 Nf6 6. Be3 d6 7. h3 O-O 8. Qd2 a6
9. g4 d5 10. Bxc5 dxe4 11. dxe4 Qa5 12. Be3 Rd8 13. Bd3 Be6 14. a3 Nd7 15. Rd1
Nc5 16. e5 Nxd3+ 17. cxd3 f6 18. exf6 exf6 19. d4 Bb3 20. Rc1 Rd7 21. Qf2 Re8
22. O-O f5 23. Ne5 Nxe5 24. dxe5 fxg4 25. Bb6 Bxe5 26. Bxa5 Bd4 27. hxg4 Bxf2+
28. Rxf2 Be6 29. Ne4 Rf7 30. Nd6 1-0

[Event "Schachklub Gau-Algesheim-SV Muldental W"]
[Site "Bingen"]
[Date "2008.12.27"]
[Round "1.1"]
[White "Schulz, Anja"]
[Black "Meng, Pascal"]
[Result "1-0"]
[WhiteElo "1992"]
[BlackElo "1595"]
[PlyCount "68"]
[EventDate "2008.??.??"]

1. e4 d5 2. exd5 Qxd5 3. Nc3 Qd6 4. Bc4 Nf6 5. d4 a6 6. Bb3 Bg4 7. f3 Bf5 8.
Nge2 e6 9. O-O Nc6 10. Bf4 Qd7 11. Qd2 Bb4 12. Rad1 Ne7 13. Bg5 c6 14. Ng3 h6
15. Bxf6 gxf6 16. Nh5 O-O-O 17. Nxf6 Qd6 18. a3 Ba5 19. Nfe4 Qc7 20. Qf2 Rhg8
21. Kh1 Rg7 22. Rg1 e5 23. Na4 Bb6 24. Nxb6+ Qxb6 25. Qh4 Qc7 26. Qf6 Rg6 27.
Qxf7 exd4 28. Ng3 Rxg3 29. hxg3 Qxg3 30. Qxe7 Qg6 31. Rge1 Qh5+ 32. Kg1 Qg6 33.
Be6+ Bxe6 34. Qxe6+ Qxe6 1-0

[Event "Schachklub Gau-Algesheim-SV Muldental W"]
[Site "Bingen"]
[Date "2008.12.27"]
[Round "1.2"]
[White "Stephan, Nikita"]
[Black "Völz, Michael"]
[Result "0-1"]
[WhiteElo "1602"]
[BlackElo "1814"]
[PlyCount "64"]
[EventDate "2008.??.??"]

1. e4 e5 2. Nf3 Nc6 3. d4 exd4 4. Bc4 Nf6 5. O-O d6 6. Re1 Ne5 7. Bb3 Bg4 8.
Bg5 h6 9. Bh4 Be7 10. Nbd2 O-O 11. h3 Bxf3 12. Nxf3 c5 13. a3 b5 14. Bg3 c4 15.
Ba2 Nxf3+ 16. Qxf3 Nd7 17. Rad1 Ne5 18. Qe2 d3 19. cxd3 Nxd3 20. Rf1 Qb6 21.
Bb1 Ne5 22. Bxe5 dxe5 23. Rd7 Bc5 24. Rfd1 Bd4 25. Rd2 Qc6 26. Rd5 Rad8 27.
Rxd8 Rxd8 28. Rc2 Qb6 29. Kh1 Bxf2 30. Qxf2 Qxf2 31. Rxf2 Rd1+ 32. Kh2 Rxb1 0-1